Adventure Time Character Quiz - Statistics

General Stats
  • This quiz has been taken 364 times
  • The average score is 57 of 203
Answer Stats
Hint Answer % Correct
Human Boy Who Loves Adventures And Helping Others Finn
100%
Magical Dog And ^'s Best Friend Jake
100%
Talking Video Game Console BMO
97%
Ruler Of The Ice Kingdom Who Kidnaps Princesses Ice King/Simon Petrikov
96%
Genius Ruler Of The Candy Kingdom Princess Bubblegum
95%
Punk Rocker Vampire Queen Marceline
94%
Valley Girl Princess Of Lumpy Space Lumpy Space Princess
89%
Gender-Swapped Flame Princess Flame Prince
88%
Ice King's Penguin Pet/Companion Gunter
87%
Sweet Old Elephant Who Lives In An Apple Orchard Tree Trunks
85%
Ruler Of The Fire Kingdom And Finn's Ex-Girlfriend Flame Princess
84%
Gender-Swapped Jake Cake
82%
Overly-Zealous Ruler Of Earldom Lemongrab (UNACCEPTABLE!) Earl Of Lemongrab
82%
Jake's Wife And PB's Royal Steed Lady Rainicorn
82%
Princess Bubblegum's Butler Who Is Involved With Dark Magic Peppermint Butler
78%
Gender-Swapped Lumpy Space Princess Lumpy Space Prince
74%
Gender-Swapped Finn Fionna
71%
Pastry Who Serves As Flame Princess' Guard Cinnamon Bun
70%
Grass Finn Fern
70%
Gender-Swapped Ice King Ice Queen
68%
Magical Martian Who Loves Being A Jerk Magic Man
68%
Legendary Hero And Finn's Idol Billy
64%
Human Woman Who Lived Underground In The Hyooman Village; A Former Seeker Susan Strong
64%
The Manifestation Of Death Who Was Sealed In Amber The Lich
63%
Wish Master Who Is The Manifestation Of An Old Man's Dream. Prismo
61%
Princess Of The Slime Kingdom Slime Princess
61%
Princess Who Is A Ghost Ghost Princess
58%
Pig Husband Of ^ Mr. Pig
58%
Princess Of The Muscle Kingdom Muscle Princess
58%
Princess Of The Wildberry Kingdom Wildberry Princess
57%
Human Turned Wizard Who Was Once The Fiancée Of Simon Petrikov Betty Grof
56%
Princess Of The Hot Dog Kingdom Hot Dog Princess
55%
Gender-Swapped Marceline Marshall Lee
54%
Never-Ending-Pie-Throwing-Robot NEPTR
53%
Goose Salesman Who Only Speaks In Rhymes Choose Goose
52%
Princess Of The Emerald Kingdom Emerald Princess
51%
Princess Of The Peanut Kingdom Peanut Princess
51%
Ice King's Evil Living Heart Ricardio
50%
Nature-Based Wizard; Later Becomes Finn's Love Interest Huntress Wizard
49%
Princess Of The Bee Kingdom Bee Princess
48%
Princess Of The Embryo Kingdom Embryo Princess
48%
Pup Of Jake And Lady #5 Jake Jr.
48%
Princess Of The Skeleton Kingdom Skeleton Princess
48%
Princess Of The Purple Kingdom Purple Princess
47%
Princess Of The Orange Kingdom Orange Princess
46%
Pup Of Jake And Lady #2 T.V.
46%
Guards Of The Candy Kingdom Banana Guard
45%
Ruler Of The Land Of The Dead Death
45%
Princess Of The Jungle Kingdom Jungle Princess
45%
Princess Of The Lizard Kingdom Lizard Princess
45%
Princess #1 Of The Breakfast Kingdom Breakfast Princess
44%
Princess Of The Elbow Kingdom Elbow Princess
44%
Pup Of Jake And Lady #4 Kim Kil Whan
44%
Former King Of Mars Abraham Lincoln
43%
Princess Who Is Head Of The Library Turtle Princess
43%
Princess Of The Cotton Candy Kingdom Cotton Candy Princess
41%
Princess Of The Engagement Ring Kingdom Engagement Ring Princess
41%
Flambit With A Bronx Accent Who Often Helps Out Finn And Jake Flambo
41%
PB's "Uncle" Gumbald
41%
Criminal And The Former Ruler Of The Candy Kingdom King Of Ooo
41%
Princess Of The Space Angel Kingdom Space Angel Princess
41%
Princess Of The Desert Kingdom Desert Princess
40%
Flame Princess' Father Flame King
40%
Princess Of The Frozen Yogurt Kingdom Frozen Yogurt Princess
40%
Princess Of The Laurel Kingdom Laurel Princess
40%
Medical Offical In Ooo Doctor Princess
39%
Gender-Swapped Princess Bubblegum Prince Gumball
39%
Kindhearted Wizard With Very Weak Powers Abracadaniel
38%
Candy Kingdom's Grave Digger Starchy
38%
Jake's Brother Jermaine
37%
The Father Of Jake/Adopted Father Of Finn Joshua
37%
Princess Of The Raggenbone Kingdom (Ooo's Junkyard) Raggedy Princess
37%
Worm That Lives In Jake's Viola Shelby
37%
Entity Who Inhabits An Unknown Dimension And Is The Embodiment Of Chaos GOLB
36%
Ruler Of The Nightosphere And Marceline's Dad Hunson Abadeer
36%
Tree Trunks And Mr. Pig's Child Sweet P
35%
PB's "Cousin" Chicle
34%
Giant Powerful Guardians Of The Candy Kingdom Gumball Guardian
34%
Lemon Child Who Vanquishes The Earl Of Lemongrab With A Harp Lemonhope
34%
The Mother Of Jake/Adopted Mother Of Finn Margaret
34%
Living Root Beer Root Beer Guy
34%
Pup Of Jake And Lady #3 Viola
34%
PB's "Aunt" Lolly
33%
Pup Of Jake And Lady #1 Charlie
32%
Cosmic Bird Entity That Appears In People's Dreams Cosmic Owl
30%
Finn's Biological Mother Minerva
29%
Guy Who Wants To Be Jake's Best Friend Tiffany
29%
Marceline's Ex-Boyfriend Ash
27%
Bear That Raps Rap Bear
27%
Character That Waves To You In Every Episode Snail
27%
Banana Who Likes Building Rockets And Fixing Trucks Banana Man
26%
Finn's Biological Father Martin Mertens
26%
Wife Of Kim Kil Whan Pat
24%
Father Of LSP Lumpy Space King
23%
Wife Of ^ Lumpy Space Queen
23%
PB's Pet Candy Corn Rat Science
23%
Gender-Swapped Lady Rainicorn Lord Monochromicorn
22%
The Current Ice Elemental Patience St. Pim
22%
Orphaned Cookie Who Wants To Be A Princess Princess Cookie
22%
Duke Of The Duchy Of Nuts Duke Of Nuts
21%
Little Cat Assassin Me-Mow
21%
Living Cupcake Mr. Cupcake
20%
^'s Boyfriend And LSP's Ex-Boyfriend Brad
18%
Duchess Of The Duchy Of Nuts Duchess Of Nuts
18%
Founder Of MO Co. Moe
18%
PB's Creation Who Was Meant To Be Her Heir If She Dies Goliad
17%
Powerful Elephant Finn And Jake Got From A Wish Ancient Psychic Tandem War Elephant
16%
Four Faced Deity From Mars Grob Gob Glob Grod
16%
Witch Who Buys Hambo From Ash Maja The Sky Witch
16%
Candy Kingdom Nurse Nurse Pound Cake
16%
Bee Who Falls In Love With Finn Breezy
15%
Wife Of ^ Cherry Cream Soda
15%
Wizard With Forest Powers Forest Wizard
15%
Chief Of The Party Bears Party Pat
15%
Princess With Five Heads Princess Princess Princess
15%
Cat Who Is The "New Finn" Shermy
15%
Pup Who Is The "New Jake" Beth
14%
Candy Person Revealed To Be Chicle Crunchy
14%
Grass Ogre Who Is A Gigantic Jerk Donny
14%
Evil Doctor Who Creates Hybrids Of Organisms Dr. Gross
14%
Finn's Living Hat Little Dude
14%
Talking Creampuff Mr. Creampuff
14%
Princess Finn Found In A Grave Princess Beautiful
13%
Daughter Of ^ Bronwyn
12%
Fox In Love With ^ Mr. Fox
12%
Cinnamon Bun's Squire/Cousin Bun Bun
11%
Childhood Best Friend Of Susan Strong Frieda
11%
Skeleton-Ghost Creature That Lives In The River Of Junk Gary The Mermaid Queen
11%
Wizard With Laser Powers Laser Wizard
11%
Princess Of The Nightmare Kingdom; Only Seen In Games Nightmare Princess
11%
Sphinx Created To Rival ^'s Power Stormo
11%
Finn's Pillow Daughter Bonnie
10%
Giant Frog Wizard Bufo
10%
Talking Piñata; Revealed To Be Lolly Manfried
10%
Princess Ice King Hypnotizes Into Marrying Him, Later Saved By Finn And Jake Old Lady Princess
10%
Princess #3 Of The Breakfast Kingdom Strudel Princess
10%
Princess #2 Of The Breakfast Kingdom Toast Princess
10%
Gender-Swapped Tree Trunks Tail Tufts
9%
Jerk Goblin King Xergiok
9%
Female Goose In Love With ^ Boobafina
8%
Giant Lemon Person Who Lives In Castle Lemongrab Lemonjon
8%
Lady Rainicorn's Father Bob Rainicorn
7%
Ruler Of The Cardboard Kingdom Cardboard Prince
7%
Living Chocolate Strawberry Chocoberry
7%
Little Creature Who Love Telling Graybles Cuber
7%
Cute Creature That Wants To Prove He Can Be Deadly Cute King
7%
Living Lollipop Lollipop Girl
7%
BFF Of LSP Melissa
7%
Male Goose Mr. Goose
7%
Little Girl Who Tricks Finn Into Becoming A Thief Penny
7%
Punch Bowl; Reveald To Be Gumbald Punchy
7%
Candy Person Who Delivers Royal Tarts The Tart Toter
7%
Candy Kingdom Doctor #2 Doctor Ice Cream
6%
Gatekeeper Of Mount Cragdor Key-Per
6%
Woman Who Has A Garden Of Donuts Witch
6%
Living Candy Cane Candy Cane Guy
5%
Bon-Bon With A Surfer Accent Chet
5%
Arrogant And Egotistical Knight (Very *Click Clcik*) Sir Slicer
5%
Candy Kingdom Doctor #1 Doctor Donut
4%
Ruler Of Wizard City Grand Master Wizard
4%
Finn's Pillow Son Jay
4%
Minotaur That Guards The Enchiridion Manish Man
4%
Younger Brother Of PB Needy
4%
Living Taffy Taffy Girl
4%
Chip #4 Of ^ Chipper
3%
Small Party Bear Cubby
3%
Evil Spirit That Is The Incarnation Of Fear Fear Feaster
3%
Jake's Card Wars Rival Grand Prix
3%
Goblin Kingdom Chief Of Staff Gummy
3%
Living Marshmallow Marshmallow Kid
3%
Tiny Queen Mini Queen
3%
Member Of The Pup Gang Blombo
2%
Chip #2 Of ^ Chipler
2%
Lady Rainicorn's Mother Ethel Rainicorn
2%
Father Of ^ Quilton
2%
Finn's Pillow Wife Roselinen
2%
Lovestruck Slug Snorlock
2%
Chip #5 Of ^ Chipface
1%
Chip #1 Of ^ Chipolina
1%
Angry Cookie Cookie Guy
1%
Ice Cream Gang Leader #1 Dr. J
1%
Living Gumdrop Gumdrop Lass
1%
Cinnamon Bun's Pet Fire Wolf Jake 2
1%
Member Of The Pup Gang Jamaica
1%
Wife Of ^ Moniker
1%
Mountain Who Cries At The Sight Of Roughhousing Mountain Man
1%
Participant In The 59th Annual Card Wars Doubles Classic Mr. Outrageous
1%
Oracle Of Pillow World Rasheeta
1%
Wizard Salesman Ron James
1%
Participant In The 59th Annual Card Wars Doubles Classic Todd
1%
Participant In The 59th Annual Card Wars Doubles Classic Benton
0%
Participant In The 59th Annual Card Wars Doubles Classic Captain Majesty
0%
Chip #3 Of ^ Chipton
0%
Ice Cream Gang Leader #2 Jaybird
0%
Participant In The 59th Annual Card Wars Doubles Classic Jennings
0%
Participant In The 59th Annual Card Wars Doubles Classic Luke
0%
Participant In The 59th Annual Card Wars Doubles Classic Mike R.
0%
Participant In The 59th Annual Card Wars Doubles Classic Mr. International
0%
Participant In The 59th Annual Card Wars Doubles Classic Pete The Punk
0%
Pillowmint Who Helps Select Princesses To Rule Kingdoms; Only Seen In Games Pillowmint Butler
0%
Participant In The 59th Annual Card Wars Doubles Classic Reggie
0%
Rare Artifact Hunter; Only Seen In Games Sunny
0%
Member Of The Pup Gang Toughy
0%
No matching quizzes found
Score Distribution
Percent of People with Each Score
Percentile by Number Answered
Your Score History
You have not taken this quiz